[Event "Basel Hilton op 09th"]
[Site "Basel"]
[Date "2007.01.06"]
[Round "6"]
[White "Lurje, Pawel"]
[Black "Bhend, Edwin"]
[Result "0-1"]
[WhiteElo "2169"]
[BlackElo "2268"]
[PlyCount "50"]
[EventDate "2007.01.01"]
[EventType "swiss"]
[EventRounds "7"]
[EventCountry "SUI"]
[SourceTitle "CBM 116 Extra"]
[Source "ChessBase"]
[SourceDate "2007.03.07"]
[SourceVersion "1"]
[SourceVersionDate "2007.03.07"]
[SourceQuality "1"]

1. e4 c5 2. c3 e6 3. d4 d5 4. e5 Nc6 5. Nf3 Qb6 6. a3 Nh6 7. b4 cxd4 8. cxd4 Nf5 9. Bb2 Bd7 10. g4 Nfe7 11. Nc3 Ng6 12. Na4 Qd8 13. h4 h5 14. g5 Be7 15. Nc5 Bc8 16. Qd2 0-0 17. Bd3 a5 18. Rc1 axb4 19. axb4 b6 20. b5 Ncxe5 21. Nxe5 Nxe5 22. dxe5 Bxc5 23. 0-0 g6 24. Qf4 Bd7 25. Bd4 Ra4 0-1

[Event "Basel Hilton op 09th"]
[Site "Basel"]
[Date "2007.01.04"]
[Round "4"]
[White "Lurje, Pawel"]
[Black "Wirthensohn, Heinz"]
[Result "0-1"]
[WhiteElo "2169"]
[BlackElo "2414"]
[PlyCount "50"]
[EventDate "2007.01.01"]
[EventType "swiss"]
[EventRounds "7"]
[EventCountry "SUI"]
[SourceTitle "CBM 116 Extra"]
[Source "ChessBase"]
[SourceDate "2007.03.07"]
[SourceVersion "1"]
[SourceVersionDate "2007.03.07"]
[SourceQuality "1"]

1. e4 c5 2. Nc3 Nc6 3. f4 g6 4. Nf3 Bg7 5. Bc4 e6 6. f5 Nge7 7. fxe6 fxe6 8. 0-0 d5 9. exd5 exd5 10. Nxd5 Nxd5 11. Qe1+ Nce7 12. Ne5 Nf6 13. d4 Qxd4+ 14. Kh1 Bf5 15. Bb5+ Kf8 16. Bg5 Nc6 17. Bxc6 bxc6 18. Rd1 Qb4 19. c3 Qb7 20. Qh4 Nd5 21. Nc4 h6 22. Bc1 Qe7 23. Qg3 Kg8 24. Rde1 Qf6 25. Qf2 Bd3 0-1

[Event "Basel Hilton op 08th"]
[Site "Basel"]
[Date "2006.01.01"]
[Round "1"]
[White "Sokolov, Andrei"]
[Black "Lurje, Pawel"]
[Result "1-0"]
[WhiteElo "2632"]
[BlackElo "2158"]
[PlyCount "95"]
[EventDate "2006.01.01"]
[EventType "swiss"]
[EventRounds "7"]
[EventCountry "SUI"]
[SourceTitle "CBM 110 Extra"]
[Source "ChessBase"]
[SourceDate "2006.03.10"]
[SourceVersion "2"]
[SourceVersionDate "2006.03.10"]
[SourceQuality "1"]

1. e4 e5 2. Nf3 Nc6 3. Bb5 a6 4. Ba4 d6 5. c3 f5 6. d3 Nf6 7. Nbd2 Be7 8. 0-0 0-0 9. Bb3+ Kh8 10. Re1 fxe4 11. dxe4 Nh5 12. Ng5 Bxg5 13. Qxh5 g6 14. Qe2 Qf6 15. Nf1 Bf4 16. Be3 Qg5 17. f3 h5 18. Bf2 Qf6 19. Ne3 Ne7 20. Qc4 c6 21. Rad1 b5 22. Qb4 Rd8 23. Qa5 Be6 24. Bxe6 Qxe6 25. Rd3 Rd7 26. Red1 Bg5 27. Nc2 Nc8 28. Nb4 Bd8 29. Qa3 Ne7 30. Nxa6 Nc8 31. Nc5 Rxa3 32. Nxe6 Rxa2 33. Nf8 Rg7 34. Ne6 Rg8 35. Nxd8 Rxd8 36. R3d2 Kg7 37. Be3 Kf7 38. Kf2 Ke6 39. Kg3 b4 40. cxb4 Ra4 41. Rc1 Ra6 42. b5 cxb5 43. Rd5 Ne7 44. Rxb5 d5 45. Rc7 Nc6 46. Bg5 Rd6 47. Rg7 d4 48. Rbb7 1-0

[Event "Zuerich op 26th"]
[Site "Zuerich"]
[Date "2002.12.27"]
[Round "3"]
[White "Lurje, Pawel"]
[Black "Moor, Roger"]
[Result "0-1"]
[WhiteElo "2172"]
[BlackElo "2400"]
[PlyCount "55"]
[EventDate "2002.12.26"]
[EventType "swiss"]
[EventRounds "7"]
[EventCountry "SUI"]
[SourceTitle "CBM 091 Extra"]
[Source "ChessBase"]
[SourceDate "2003.01.09"]
[SourceVersion "1"]
[SourceVersionDate "2003.01.09"]
[SourceQuality "1"]

1. e4 c5 2. Nc3 e6 3. f4 Nc6 4. Nf3 a6 5. g3 d6 6. Bg2 Nge7 7. 0-0 Qc7 8. d3 g6 9. f5 gxf5 10. Ng5 Ne5 11. exf5 Nxf5 12. Rxf5 exf5 13. Nd5 Qd8 14. Nh3 h6 15. Qh5 Bg7 16. Nhf4 Ng4 17. c3 Kf8 18. h3 Nf6 19. Qe2 Nxd5 20. Bxd5 Qe7 21. Qf2 Bd7 22. Bd2 Bc6 23. Re1 Qd7 24. Qf3 Re8 25. Rf1 Be5 26. Nh5 Ke7 27. g4 fxg4 28. hxg4 0-1

[Event "Zuerich op 26th"]
[Site "Zuerich"]
[Date "2002.12.26"]
[Round "1"]
[White "Lurje, Pawel"]
[Black "Tukmakov, Vladimir B"]
[Result "1/2-1/2"]
[WhiteElo "2172"]
[BlackElo "2568"]
[PlyCount "123"]
[EventDate "2002.12.26"]
[EventType "swiss"]
[EventRounds "7"]
[EventCountry "SUI"]
[SourceTitle "CBM 091 Extra"]
[Source "ChessBase"]
[SourceDate "2003.01.09"]
[SourceVersion "1"]
[SourceVersionDate "2003.01.09"]
[SourceQuality "1"]

1. e4 e6 2. d4 d5 3. e5 c5 4. Nf3 cxd4 5. Nbd2 Nc6 6. Nb3 Qc7 7. Nbxd4 Nxd4 8. Qxd4 Ne7 9. c3 Nc6 10. Qf4 f6 11. exf6 Qxf4 12. Bxf4 gxf6 13. Rd1 e5 14. Be3 Be6 15. Be2 0-0-0 16. 0-0 Bg7 17. b4 Kb8 18. a4 Rc8 19. a5 a6 20. Ra1 Na7 21. Rfc1 Rc6 22. Ne1 Rhc8 23. Bc5 Bh6 24. Rc2 Bf5 25. Bf3 e4 26. Be2 Rxc5 27. bxc5 Rxc5 28. Rb2 Kc7 29. Rab1 Bc8 30. Bg4 Nb5 31. Bxc8 Kxc8 32. c4 dxc4 33. Rd1 Bf4 34. g3 Bc7 35. Nc2 Bxa5 36. Ne3 c3 37. Re2 Bc7 38. Nc2 Be5 39. Rxe4 f5 40. Re2 Nc7 41. f4 Bf6 42. Rd6 Bd8 43. Re5 Rxe5 44. fxe5 b5 45. Rc6 Be7 46. Rxc3 b4 47. Rd3 a5 48. Kf1 a4 49. Nd4 b3 50. Nxb3 axb3 51. Rxb3 Kd7 52. Rb6 Ne6 53. Rb7+ Ke8 54. Kg2 Kf7 55. Kf3 h5 56. h3 Kf8 57. Rb6 Kf7 58. Rxe6 Kxe6 59. g4 Kxe5 60. gxf5 Kxf5 61. Kg2 Kf4 62. Kh1 1/2-1/2

[Event "Basel Hilton op 03rd"]
[Site "Basel"]
[Date "2001.01.05"]
[Round "5"]
[White "Lurje, Pawel"]
[Black "Fischer, Thomas"]
[Result "1/2-1/2"]
[WhiteElo "2172"]
[BlackElo "2221"]
[PlyCount "83"]
[EventDate "2001.01.01"]
[EventType "swiss"]
[EventRounds "7"]
[EventCountry "SUI"]
[SourceTitle "CBM 080 Extra"]
[Source "ChessBase"]
[SourceDate "2001.03.08"]
[SourceVersion "1"]
[SourceVersionDate "2001.03.08"]
[SourceQuality "1"]

1. e4 c5 2. Nc3 Nc6 3. f4 g6 4. Nf3 Bg7 5. Bc4 e6 6. f5 Nge7 7. fxe6 fxe6 8. 0-0 0-0 9. d3 Na5 10. Bg5 a6 11. Qd2 Nxc4 12. dxc4 Qe8 13. Qd6 Nc6 14. e5 Rf5 15. Ne4 Nxe5 16. Nxe5 Bxe5 17. Rxf5 exf5 18. Nf6+ Bxf6 19. Qxf6 Qf8 20. Qb6 a5 21. Re1 Ra6 22. Qc7 Re6 23. Rxe6 dxe6 24. Bf4 Qe8 25. Qxc5 Qd7 26. h3 a4 27. Bh6 Qd8 28. Qe5 Qe7 29. c5 Bd7 30. b4 axb3 31. axb3 Bc6 32. c4 Kf7 33. b4 Qf6 34. Qb8 g5 35. b5 Qxh6 36. bxc6 bxc6 37. Qc7+ Kf6 38. Qxc6 Qh4 39. Qd6 Qe1+ 40. Kh2 Qe5+ 41. Kg1 Qe1+ 42. Kh2 1/2-1/2

[Event "Zuerich op 24th"]
[Site "Zuerich"]
[Date "2000.12.27"]
[Round "2"]
[White "Ekstroem, Roland"]
[Black "Lurje, Pawel"]
[Result "1-0"]
[WhiteElo "2487"]
[BlackElo "2172"]
[PlyCount "107"]
[EventDate "2000.12.26"]
[EventType "swiss"]
[EventRounds "7"]
[EventCountry "SUI"]
[SourceTitle "EXT 2002"]
[Source "ChessBase"]
[SourceDate "2001.11.25"]
[SourceVersion "1"]
[SourceVersionDate "2001.11.25"]
[SourceQuality "1"]

1. d4 Nf6 2. g3 g6 3. Bg2 d5 4. Nf3 Bg7 5. c4 dxc4 6. Qa4+ Nfd7 7. Nbd2 Nc6 8. Nxc4 0-0 9. Be3 Rb8 10. Na5 b5 11. Qa3 b4 12. Qa4 Nxa5 13. Qxa5 Nb6 14. Rc1 Be6 15. b3 Nd5 16. Bd2 Qd7 17. 0-0 c6 18. Qc5 Nc3 19. Bxc3 Rb5 20. Ne5 Bxe5 21. Qxc6 bxc3 22. Qxd7 Bxd7 23. dxe5 Rc8 24. f4 Rb4 25. Bd5 Bb5 26. Rc2 Rd4 27. Bf3 Rd7 28. Rfc1 Rdc7 29. Bd5 Rd8 30. Bf3 Rdc8 31. Kf2 e6 32. Be4 a5 33. Bd3 Bxd3 34. exd3 a4 35. b4 a3 36. Rb1 Rb8 37. Ke3 Rcb7 38. Rxc3 Rxb4 39. Rxb4 Rxb4 40. Rxa3 Rb2 41. h3 h5 42. Ra8+ Kg7 43. a4 Rg2 44. Kf3 Rd2 45. Ke4 Re2+ 46. Kd4 Rg2 47. a5 Rxg3 48. a6 Rg1 49. Rd8 Ra1 50. Rd6 g5 51. fxg5 Kg6 52. Kc5 Kxg5 53. Kb6 Rb1+ 54. Kc7 1-0

[Event "Basel Hilton op 02nd"]
[Site "Basel"]
[Date "2000.01.02"]
[Round "3"]
[White "Czebe, Attila"]
[Black "Lurje, Pawel"]
[Result "1-0"]
[WhiteElo "2472"]
[BlackElo "2169"]
[PlyCount "113"]
[EventDate "2000.01.01"]
[EventType "swiss"]
[EventRounds "7"]
[EventCountry "SUI"]
[SourceTitle "CBM 074 Extra"]
[Source "ChessBase"]
[SourceDate "2000.03.10"]
[SourceVersion "2"]
[SourceVersionDate "2000.03.10"]
[SourceQuality "1"]

1. c4 g6 2. d4 Bg7 3. Nc3 Nf6 4. e4 d6 5. Nf3 0-0 6. h3 e5 7. d5 Qe8 8. g4 Kh8 9. Be3 Ng8 10. c5 f5 11. Nb5 Qe7 12. cxd6 cxd6 13. Nxa7 Bd7 14. Nb5 Na6 15. Nc3 fxg4 16. hxg4 Bxg4 17. Ng5 Bh5 18. Be2 Nf6 19. Ne6 Rfc8 20. Bg5 Bxe2 21. Qxe2 Nc5 22. 0-0-0 Nxe6 23. dxe6 Qxe6 24. Bxf6 Bxf6 25. Kb1 Rc4 26. Rxd6 Qxd6 27. Qxc4 Qd4 28. Qf7 Bg7 29. Qxg6 h6 30. Rg1 Rg8 31. Qg3 Qc4 32. Qg6 Bf8 33. Qf6+ Bg7 34. Qe7 b5 35. a3 Qd4 36. Qf7 b4 37. axb4 Qxb4 38. Kc2 Qf8 39. Qxf8 Bxf8 40. Rxg8+ Kxg8 41. Kd3 Bc5 42. Ke2 Bd4 43. Nd1 Kf7 44. b3 Ke6 45. Ne3 Bc5 46. Kf3 h5 47. Kg3 Kf6 48. b4 Bd4 49. b5 Kg5 50. Nd5 h4+ 51. Kg2 Bc5 52. Kh3 Bxf2 53. Kg2 Bc5 54. Kf3 Kg6 55. b6 Kf7 56. b7 Bd6 57. Nb4 1-0

[Event "Baden Casino op 5th"]
[Site "Baden"]
[Date "2000.??.??"]
[Round "3"]
[White "Lurje, Pawel"]
[Black "Gruenenwald, Joerg"]
[Result "0-1"]
[WhiteElo "2169"]
[BlackElo "2362"]
[PlyCount "46"]
[EventDate "2000.04.??"]
[EventType "swiss"]
[EventRounds "9"]
[EventCountry "SUI"]
[SourceTitle "EXT 2001"]
[Source "ChessBase"]
[SourceDate "2000.11.22"]
[SourceVersion "1"]
[SourceVersionDate "2000.11.22"]
[SourceQuality "1"]

1. e4 c5 2. Nc3 d6 3. f4 g6 4. Nf3 Bg7 5. Bc4 Nc6 6. 0-0 a6 7. a4 Nf6 8. d3 Bg4 9. h3 Bxf3 10. Qxf3 e6 11. Be3 Qe7 12. Qf2 Nd7 13. Ne2 Bxb2 14. Rab1 Bg7 15. Ba2 Nb4 16. Bb3 0-0 17. d4 cxd4 18. Bxd4 Bxd4 19. Nxd4 Nc5 20. f5 Nxe4 21. Qe1 d5 22. f6 Qc5 23. c3 Nxc3 0-1

[Event "Basel Hilton op 01st"]
[Site "Basel"]
[Date "1999.01.04"]
[Round "7"]
[White "Lurje, Pawel"]
[Black "Schmid, Roland"]
[Result "0-1"]
[WhiteElo "2173"]
[BlackElo "2035"]
[PlyCount "64"]
[EventDate "1999.01.??"]
[EventType "swiss"]
[EventRounds "7"]
[EventCountry "SUI"]
[SourceTitle "EXT 2000"]
[Source "ChessBase"]
[SourceDate "1999.11.16"]
[SourceVersion "1"]
[SourceVersionDate "1999.11.16"]
[SourceQuality "1"]

1. Nf3 Nf6 2. g3 b6 3. Bg2 Bb7 4. 0-0 c5 5. c4 e6 6. Nc3 Be7 7. d3 0-0 8. b3 Nc6 9. Bb2 d5 10. cxd5 Nxd5 11. Nxd5 exd5 12. d4 Bf6 13. Qd2 Qe7 14. e3 Rac8 15. Rac1 Ba6 16. Rfd1 Nb4 17. Ba3 Bb7 18. Rc3 a5 19. Rdc1 Rc7 20. Bxb4 axb4 21. R3c2 Qd6 22. Qd3 Ra8 23. Qf5 c4 24. bxc4 dxc4 25. Rxc4 Rxc4 26. Rxc4 Rxa2 27. h4 Ba6 28. Rc1 b3 29. Qb1 b2 30. Re1 Qa3 31. Qe4 Ra1 32. Rb1 Rxb1+ 0-1

[Event "Baden Casino op 3rd"]
[Site "Baden"]
[Date "1998.??.??"]
[Round "3"]
[White "Khenkin, Igor"]
[Black "Lurje, Pawel"]
[Result "1-0"]
[WhiteElo "2565"]
[BlackElo "2185"]
[PlyCount "85"]
[EventDate "1998.04.10"]
[EventType "swiss"]
[EventRounds "9"]
[EventCountry "SUI"]
[SourceTitle "CBM 064 Extra"]
[Source "ChessBase"]
[SourceDate "1998.07.07"]
[SourceVersion "1"]
[SourceVersionDate "1998.07.07"]
[SourceQuality "1"]

1. g3 e5 2. c4 Nc6 3. Bg2 g6 4. Nc3 Bg7 5. Rb1 a5 6. a3 d6 7. d3 f5 8. Nf3 h6 9. e4 Nge7 10. exf5 Nxf5 11. 0-0 0-0 12. b4 axb4 13. axb4 Kh7 14. b5 Ncd4 15. Nxd4 Nxd4 16. Be3 Nf5 17. Bd2 Nd4 18. Be3 Nf5 19. Bd2 Nd4 20. Be3 Nf5 21. Qe2 Ra3 22. Qb2 Ra8 23. Qe2 Ra3 24. Qb2 Ra8 25. Qd2 Ra3 26. Ra1 Rxa1 27. Rxa1 Nd4 28. Bxd4 exd4 29. Nd5 c6 30. bxc6 bxc6 31. Nf4 Qb6 32. Qa5 Qxa5 33. Rxa5 g5 34. Be4+ Kg8 35. Ng6 Re8 36. f4 c5 37. Ra7 Be6 38. Ne7+ Kf8 39. Ng6+ Kg8 40. Ne7+ Kf8 41. Bg6 Rd8 42. f5 Bf6 43. Nc6 1-0

[Event "Baden Casino op 3rd"]
[Site "Baden"]
[Date "1998.??.??"]
[Round "5"]
[White "Lurje, Pawel"]
[Black "Jenni, Florian"]
[Result "0-1"]
[WhiteElo "2185"]
[BlackElo "2415"]
[PlyCount "54"]
[EventDate "1998.04.10"]
[EventType "swiss"]
[EventRounds "9"]
[EventCountry "SUI"]
[SourceTitle "CBM 064 Extra"]
[Source "ChessBase"]
[SourceDate "1998.07.07"]
[SourceVersion "1"]
[SourceVersionDate "1998.07.07"]
[SourceQuality "1"]

1. e4 e5 2. Nf3 Nc6 3. Nc3 Nf6 4. d4 exd4 5. Nd5 Be7 6. Bf4 d6 7. Nxd4 Nxd5 8. exd5 Nxd4 9. Qxd4 Bf6 10. Qe4+ Qe7 11. Qxe7+ Kxe7 12. 0-0-0 Bf5 13. Bd3 Bg6 14. Rhe1+ Kd7 15. Bb5+ Kd8 16. c4 a6 17. Ba4 b5 18. Bb3 Re8 19. Be3 Kd7 20. a4 Reb8 21. c5 dxc5 22. Bxc5 Re8 23. g3 Bh5 24. Rxe8 Rxe8 25. Rd3 Re1+ 26. Kd2 Re2+ 27. Kc1 Bxb2+ 0-1

[Event "SUI-chT"]
[Site "Switzerland"]
[Date "1997.??.??"]
[Round "?"]
[White "Georges, Sascha"]
[Black "Lurje, Pawel"]
[Result "1/2-1/2"]
[WhiteElo "2300"]
[BlackElo "2220"]
[PlyCount "71"]
[EventDate "1997.??.??"]
[EventType "team-tourn"]
[EventRounds "9"]
[EventCountry "SUI"]
[SourceTitle "EXT 1999"]
[Source "ChessBase"]
[SourceDate "1998.11.16"]
[SourceVersion "1"]
[SourceVersionDate "1998.11.16"]
[SourceQuality "1"]

1. d4 Nf6 2. c4 g6 3. Nc3 Bg7 4. Bg5 d6 5. Nf3 c5 6. dxc5 Qa5 7. cxd6 Ne4 8. dxe7 Nc6 9. Qd8+ Nxd8 10. exd8Q+ Qxd8 11. Bxd8 Nxc3 12. Bc7 Na4 13. Be5 Bxe5 14. Nxe5 Nxb2 15. e3 f6 16. Nf3 Be6 17. Rb1 Nxc4 18. Rxb7 Nd6 19. Rb2 Ke7 20. Bd3 Rab8 21. Rxb8 Rxb8 22. Nd4 Rb2 23. a4 Bc4 24. Bc2 Nf5 25. Kd1 Nxd4 26. exd4 Bd5 27. Re1+ Kd7 28. g3 Rb4 29. Kc1 Rxd4 30. Rd1 Rxd1+ 31. Bxd1 a5 32. Kd2 Kd6 33. Kc3 Kc5 34. f4 g5 35. fxg5 fxg5 36. h4 1/2-1/2

[Event "SUI-chT"]
[Site "Switzerland"]
[Date "1997.??.??"]
[Round "?"]
[White "Kraehenbuehl, Gerhard"]
[Black "Lurje, Pawel"]
[Result "1/2-1/2"]
[WhiteElo "2270"]
[BlackElo "2220"]
[PlyCount "79"]
[EventDate "1997.??.??"]
[EventType "team-tourn"]
[EventRounds "9"]
[EventCountry "SUI"]
[SourceTitle "EXT 1999"]
[Source "ChessBase"]
[SourceDate "1998.11.16"]
[SourceVersion "1"]
[SourceVersionDate "1998.11.16"]
[SourceQuality "1"]

1. c4 g6 2. g3 Bg7 3. Bg2 d6 4. Nc3 Nf6 5. Nf3 0-0 6. 0-0 Nbd7 7. d4 e5 8. e4 c6 9. Rb1 a6 10. b3 b5 11. dxe5 dxe5 12. Qe2 b4 13. Na4 c5 14. Ne1 Bb7 15. Bg5 Bc6 16. Nb2 h6 17. Bxf6 Bxf6 18. Nc2 Re8 19. Rfd1 Qa5 20. Ra1 Nf8 21. Rd6 Re6 22. Rd3 Rd8 23. Ne3 Rd4 24. Nd5 Kg7 25. Qe1 Qa3 26. Rxd4 cxd4 27. Nd3 a5 28. Qb1 Re8 29. Ne1 d3 30. Nxd3 Ne6 31. Ne3 Nd4 32. Nb2 a4 33. bxa4 Bxa4 34. Nxa4 Qxa4 35. Qb2 Be7 36. Rd1 Bc5 37. Rd2 Rb8 38. h4 b3 39. axb3 Rxb3 40. Qa2 1/2-1/2

[Event "Pula op 10th"]
[Site "Pula"]
[Date "1996.??.??"]
[Round "?"]
[White "Lurje, Pawel"]
[Black "Fercec, Nenad"]
[Result "0-1"]
[WhiteElo "2240"]
[BlackElo "2405"]
[PlyCount "118"]
[EventDate "1996.05.??"]
[EventType "swiss"]
[EventRounds "9"]
[EventCountry "CRO"]
[SourceTitle "EXT 1998"]
[Source "ChessBase"]
[SourceDate "1997.11.17"]
[SourceVersion "1"]
[SourceVersionDate "1997.11.17"]
[SourceQuality "1"]

1. Nf3 Nf6 2. g3 g6 3. Bg2 Bg7 4. c4 0-0 5. d4 d6 6. 0-0 Nbd7 7. Nc3 e5 8. e4 c6 9. h3 Re8 10. Re1 exd4 11. Nxd4 a5 12. Be3 a4 13. Qc2 Qa5 14. Rab1 Nc5 15. b4 axb3 16. axb3 Qc7 17. f4 Nh5 18. Nde2 f5 19. e5 Na6 20. exd6 Qxd6 21. Rbd1 Nb4 22. Qb1 Qf8 23. Bf2 Ra3 24. Kh2 Be6 25. Nd4 Bf7 26. Rxe8 Qxe8 27. Nc2 Nxc2 28. Qxc2 Bxc4 29. Re1 Qd7 30. bxc4 Rxc3 31. Qa2 h6 32. c5+ Kh7 33. Re2 Rd3 34. Qb1 Nf6 35. Re7 Qxe7 36. Qxd3 Ne4 37. Qe3 Bf8 38. Bxe4 fxe4 39. Kg2 Qe6 40. Bg1 Kg8 41. h4 Kf7 42. Bf2 h5 43. Qc1 Qb3 44. Be3 Bg7 45. Kh3 Qc3 46. Qg1 Ke6 47. Qf2 Qb2 48. Qf1 Qc2 49. Qg1 Kd5 50. g4 Qe2 51. gxh5 Qxh5 52. Qg4 Qxg4+ 53. Kxg4 Bf6 54. h5 gxh5+ 55. Kxh5 Kc4 56. Kg6 Bc3 57. f5 Kd3 58. Bf2 e3 59. Bg3 Bd4 0-1

[Event "Koop Tjuchem op"]
[Site "Groningen"]
[Date "1996.??.??"]
[Round "1"]
[White "Vysochin, Spartak"]
[Black "Lurje, Pawel"]
[Result "1-0"]
[WhiteElo "2480"]
[BlackElo "2220"]
[PlyCount "79"]
[EventDate "1996.12.20"]
[EventType "swiss"]
[EventRounds "11"]
[EventCountry "NED"]
[SourceTitle "EXT 1998"]
[Source "ChessBase"]
[SourceDate "1997.11.17"]
[SourceVersion "1"]
[SourceVersionDate "1997.11.17"]
[SourceQuality "1"]

1. e4 e5 2. Nf3 Nc6 3. Bb5 a6 4. Bxc6 dxc6 5. 0-0 Qd6 6. d3 f6 7. Be3 Ne7 8. Nbd2 Bg4 9. b4 Qd7 10. Qb1 Ng6 11. d4 Bd6 12. c4 0-0 13. c5 exd4 14. Nxd4 Be5 15. N2b3 Nf4 16. Qc2 Qf7 17. f3 Bd7 18. Qd2 g5 19. Rad1 Rac8 20. Ne2 Nxe2+ 21. Qxe2 Be6 22. Qc2 Bxb3 23. axb3 Rcd8 24. f4 gxf4 25. Bxf4 Qe7 26. h3 Rfe8 27. Qf2 Rxd1 28. Rxd1 Bxf4 29. Qxf4 Qxe4 30. Qxf6 Qe3+ 31. Kh2 Qe5+ 32. Qxe5 Rxe5 33. Rd8+ Kf7 34. Rd7+ Re7 35. Rxe7+ Kxe7 36. Kg3 Ke6 37. Kf4 b6 38. Ke4 Kf6 39. h4 h5 40. Kf4 1-0

[Event "Eupen op rapid"]
[Site "Eupen"]
[Date "1995.??.??"]
[Round "6"]
[White "Berend, Fred"]
[Black "Lurje, Pawel"]
[Result "1/2-1/2"]
[WhiteElo "2405"]
[BlackElo "2145"]
[PlyCount "96"]
[EventDate "1995.04.08"]
[EventType "swiss (rapid)"]
[EventRounds "7"]
[EventCountry "BEL"]
[SourceTitle "EXT 1997"]
[Source "ChessBase"]
[SourceDate "1996.11.15"]
[SourceVersion "1"]
[SourceVersionDate "1996.11.15"]
[SourceQuality "1"]

1. e4 e5 2. Nf3 Nc6 3. Bb5 Nf6 4. Nc3 Bb4 5. d3 Nd4 6. Ba4 c6 7. 0-0 Qa5 8. Bb3 Nxb3 9. cxb3 0-0 10. Bg5 Be7 11. a3 d6 12. b4 Qc7 13. h3 Be6 14. Rc1 h6 15. Bxf6 Bxf6 16. Nd5 Qd8 17. Nxf6+ Qxf6 18. d4 Rac8 19. Rc3 Rfd8 20. dxe5 dxe5 21. Qa4 a6 22. Qa5 Re8 23. Rd1 Qg6 24. Re1 f6 25. Rd3 Qf7 26. Red1 Qc7 27. Qxc7 Rxc7 28. Nh4 Kf7 29. g4 g6 30. Kg2 Ree7 31. Kf3 Red7 32. Ke3 Rxd3+ 33. Rxd3 Rd7 34. Rxd7+ Bxd7 35. Ng2 g5 36. Kd3 h5 37. Ne3 h4 38. f3 Ke7 39. Nc4 b5 40. Na5 Be6 41. Nxc6+ Kd6 42. Na5 Kc7 43. Kc3 Kb6 44. Kc2 Bf7 45. Kc3 Be6 46. b3 Bf7 47. a4 Be6 48. Kb2 Bf7 1/2-1/2